Tras las vetas de la investigación cualitativa : (Record no. 66103)
[ view plain ]
| 000 -LEADER | |
|---|---|
| fixed length control field | 00686cam a2200193 4500 |
| 008 - FIXED-LENGTH DATA ELEMENTS--GENERAL INFORMATION | |
| fixed length control field | 081230r20031998mx 000 0 spa u |
| 020 ## - INTERNATIONAL STANDARD BOOK NUMBER | |
| International Standard Book Number | 9686101861 |
| 050 04 - LIBRARY OF CONGRESS CALL NUMBER | |
| Classification number | H61 |
| Item number | T73 2003 |
| 245 00 - TITLE STATEMENT | |
| Title | Tras las vetas de la investigación cualitativa : |
| Remainder of title | Perspectivas y acercamientos desde la práctica / |
| Statement of responsibility, etc | Rebeca Mejía y Sergio Antonio Sandoval, coord. |
| 250 ## - EDITION STATEMENT | |
| Edition statement | 1a ed. |
| 260 ## - PUBLICATION, DISTRIBUTION, ETC. (IMPRINT) | |
| Place of publication, distribution, etc | México : |
| Name of publisher, distributor, etc | Iteso, |
| Date of publication, distribution, etc | r2003 |
| 300 ## - PHYSICAL DESCRIPTION | |
| Extent | 265 p.; |
| Dimensions | 22 cm. |
| 504 ## - BIBLIOGRAPHY, ETC. NOTE | |
| Bibliography, etc | Bibliografía : p. 249-265 |
| 650 #7 - SUBJECT ADDED ENTRY--TOPICAL TERM | |
| Topical term or geographic name as entry element | Ciencias sociales |
| General subdivision | Investigación |
| -- | Metodología |
| Source of heading or term | Lemb |
| 700 1# - ADDED ENTRY--PERSONAL NAME | |
| Personal name | Mejía, Rebeca, coord. |
| 700 1# - ADDED ENTRY--PERSONAL NAME | |
| Personal name | Sandoval, Sergio Antonio, coord. |
| 942 ## - ADDED ENTRY ELEMENTS (KOHA) | |
| Source of classification or shelving scheme | Biblioteca del Cogreso de los Estados Unidos |
| Koha item type | Libro |
| Estado de pérdida | Fuente de clasificación | Estado del daño | No para préstamo | Ubicación permanente | Ubicación actual | Apartado o colección | Fecha de adquisición | Área del conocimiento | Clasificación | Código de Barras | Date last seen | Número de copia | Tipo de recurso |
|---|---|---|---|---|---|---|---|---|---|---|---|---|---|
| Biblioteca del Cogreso de los Estados Unidos | Biblioteca del Instituto de Investigaciones Históricas | Biblioteca del Instituto de Investigaciones Históricas | General | 15/08/2018 | Ciencias Sociales y Administrativas | H61 T73 2003 | IIH000001182 | 15/08/2018 | C:1 | Libro |